000 00662nam a2200253Ia 4500
003 OSt
005 20221005040238.0
006 a|||||r|||| 00| 0
007 ta
008 221004b |||||||| |||| 00| 0 eng d
024 _a54005
037 _cTextual
040 _aCRL
_cCRL
_beng
041 _2eng
_aeng
082 _aR635x1,1, M9
100 _aDasgupta Surendra Nath.
_922085
245 0 _aStudy of patanjali Ed 2.
250 _aEd 2.
260 _aDelhi
_bMotilal Banarsidass
_c1989
300 _a181p.
_ccm.
650 _aPHILOSOPHY
942 _hR635x1,1, M9
_cTEXL
_2cc
999 _c946618
_d946618